Dios lo ve

Saved in:
Bibliographic Details
Main Author: Tusquets Blanca, Oscar (Author)
Format: Book
Language:Spanish
Published: Barcelona Anagrama 2000
Edition:1a. ed
Series:Colección Argumentos, 253
Subjects:
Tags: Add Tag
No Tags, Be the first to tag this record!

MARC

LEADER 00000cam a2200000 a 4500
001 UCD6734
003 CL-VaPUC
008 170113e20000000sp |||||||||||||||||spa|d
020 |a 8433961454 
082 0 4 |a 720.1  |b TUS  |2 21 
100 0 |a Tusquets Blanca, Oscar  |e author  |9 590538 
245 1 0 |a Dios lo ve 
250 |a 1a. ed 
300 |a 263 p 
942 |c BK 
945 |d 20170113 07:29:00  |a dcastane 
260 |a Barcelona  |b Anagrama  |c 2000 
650 0 |a Filosofía de la arquitectura  |9 267382 
650 0 |a Filosofía del arte  |9 264951 
583 |a last modification  |c 20170113 07:29:00  |k Rodrigo Vera 
490 0 |a Colección Argumentos, 253 
999 |c 366923  |d 366921 
952 |0 0  |1 0  |3 erb  |4 0  |6 720_100000000000000_TUS_2000  |7 0  |8 A  |9 481572  |a BIBARQ  |b BIBARQ  |i 5360048  |l 1  |o 720.1 TUS 2000  |p 5360048  |r 2025-03-18  |s 2025-03-11  |w 2019-11-24  |y BK  |z Catalogado en:20170113  |k ARQ